Dzielnice Szczecina - Statystyki

Ogólne statystyki
  • Ten quiz został rozwiązany 55 razy
  • Średni wynik to 10 z 36
Statystyki odpowiedzi
Hint Dzielnice % Poprawnych
Prawobrzeże dąbie
68%
Północ niebuszewo
66%
Śródmieście centrum
59%
Zachód gumieńce
59%
Zachód pomorzany
59%
Prawobrzeże zdroje
54%
Zachód pogodno
46%
Prawobrzeże słoneczne
44%
Śródmieście nowe miasto
41%
Prawobrzeże podjuchy
41%
Śródmieście stare miasto
41%
Północ warszewo
39%
Północ skolwin
37%
Śródmieście turzyn
37%
Północ bukowo
32%
Północ stołczyn
29%
Śródmieście niebuszewo-bolinko
27%
Śródmieście drzetowo-grabowo
22%
Śródmieście śródmieście-północ
22%
Śródmieście łękno
17%
Zachód osów
17%
Zachód krzekowo-bezrzecze
15%
Śródmieście śródmieście-zachód
15%
Śródmieście świerczewo
15%
Północ golęcino-gocław
12%
Północ żelechowa
12%
Prawobrzeże żydowce-klucz
12%
Zachód arkońskie-niemierzyn
10%
Prawobrzeże bukowe-klęskowo
10%
Śródmieście międzyodrze-wyspa pucka
10%
Zachód zawadzkiego-klonowica
10%
Prawobrzeże płonia-śmierdnica-jezierzyce
7%
Prawobrzeże załom-kasztanowe
7%
Zachód głębokie-pilchowo
5%
Prawobrzeże majowe-kijewo
5%
Prawobrzeże wielgowo-sławocierze
0%
Nie znaleziono quizów pasujących do podanych kryteriów
Rozkład punktacji
Procent ludzi z każdym wynikiem
Percentyl według liczby udzielonych odpowiedzi
Twoja historia wyników
Nie rozwiązałeś tego quizu